[Event "New York op"]
[Site "New York"]
[Date "1998.03.21"]
[Round "8"]
[White "Fedorowicz, John P"]
[Black "Vaisser, Anatoli"]
[Result "1/2-1/2"]
[WhiteElo "2495"]
[BlackElo "2595"]

1.e4 e6 2.d4 d5 3.Nc3 Nf6 4.e5 Nfd7 5.f4 c5 6.Nf3 Nc6 7.Be3 a6 8.Qd2 b5 9.dxc5 b4
10.Na4 Qa5 11.Nb6 Nxb6 12.cxb6 Bc5 13.Bxc5 Qxc5 14.Qf2 Qxf2+ 15.Kxf2 Rb8
16.Ke3 Rxb6 17.Nd4 Bd7 18.Bd3 Ke7 19.Rhf1 Nxd4 20.Kxd4 Rc8 21.Rf2 h5 22.b3 g6
23.g3 Bb5 24.h3 Bxd3 25.cxd3 Rbc6 26.g4 hxg4 27.hxg4 Rh8 28.a3 bxa3 29.Rxa3 Rh4
30.Rg2 Kd7 31.b4 Rb6 32.b5 Rxb5 33.Rxa6 Rb7 34.Ra8 Rc7 35.Rf8 Ke7 36.Ra8 Rb7
37.Rg1  1/2-1/2

[Event "San Francisco Mechanics"]
[Site "San Francisco"]
[Date "1998.07.13"]
[Round "4"]
[White "Fedorowicz, John P"]
[Black "Kobese, Watu"]
[Result "0-1"]
[WhiteElo "2495"]
[BlackElo "2330"]

1.e4 e5 2.Nf3 Nc6 3.Nc3 Nf6 4.d4 exd4 5.Nxd4 Bb4 6.Nxc6 bxc6 7.Bd3 d5 8.exd5 O-O
9.O-O cxd5 10.Bg5 c6 11.Qf3 Bd6 12.Rfe1 Rb8 13.Rab1 h6 14.Bxf6 Qxf6 15.Qxf6 gxf6
16.Ne2 c5 17.c3 Be6 18.b3 Rb6 19.Bc2 a5 20.h3 Kg7 21.f4 f5 22.Kf2 Rfb8 23.Kf3 h5
24.Ng3 Kg6 25.Rbd1 h4 26.Nf1 d4 27.cxd4 Bd5+ 28.Kf2 cxd4 29.g4 hxg3+ 30.Nxg3 Be6
31.Ne2 Bc5 32.Bd3 Rh8 33.Rh1 Rd6 34.Rdg1+ Kf6 35.Rg5 Rh4 36.Kg3 Rh6 37.h4 Rd8
38.Rc1 Bb4 39.h5 Ke7 40.Rc7+ Kd6 41.Ra7 Kc6 42.Kf3 Be1 43.Ng3 Bd5+ 44.Ke2 Bxg3
45.Rxg3 Rxh5 46.Rxa5 Re8+ 47.Kd1 Rh1+ 48.Kd2 Rh2+ 49.Kd1 Re3 50.Rxe3 dxe3
51.Kc1 Rh1+ 52.Kc2 Be4 53.Kc3 Rc1+  0-1

[Event "National Congress 29th"]
[Site "Philadelphia"]
[Date "1998.11.28"]
[Round "4"]
[White "Fedorowicz, John P"]
[Black "Formanek, Edward W"]
[Result "1-0"]
[WhiteElo "2540"]
[BlackElo "2295"]

1.d4 d5 2.c4 c6 3.Nf3 Nf6 4.Nc3 dxc4 5.g3 g6 6.Bg2 Bg7 7.O-O O-O 8.e4 b5
9.Re1 a5 10.h3 a4 11.a3 e6 12.e5 Ne8 13.Bg5 Qc7 14.Qd2 Ra7 15.h4 Nd7 16.Be7 Nb6
17.Bxf8 Bxf8 18.h5 Nd5 19.Ne4 Ng7 20.hxg6 fxg6 21.Nf6+ Nxf6 22.exf6 Nh5 23.Bh3 Qd6
24.Qe3 Rf7 25.Ng5 Nxf6 26.Bxe6  1-0

[Event "Manhattan March Int"]
[Site "New York"]
[Date "1999.03.11"]
[Round "6"]
[White "Fedorowicz, John P"]
[Black "Ady, Jonathan James"]
[Result "1/2-1/2"]
[WhiteElo "2574"]
[BlackElo "2412"]

1.Nf3 c5 2.g3 g6 3.c4 Bg7 4.Nc3 Nc6 5.Bg2 e5 6.d3 Nge7 7.O-O O-O 8.a3 d6
9.Rb1 a5 10.Ne1 Be6 11.Nd5 Rb8 12.Bg5 f6  1/2-1/2

[Event "CCA ChessWise op"]
[Site "Stratton Mountain"]
[Date "1999.06.13"]
[Round "4"]
[White "Fedorowicz, John P"]
[Black "Miton, Kamil"]
[Result "1/2-1/2"]
[WhiteElo "2574"]
[BlackElo "2383"]

1.d4 f5 2.g3 Nf6 3.Bg2 g6 4.c4 Bg7 5.Nh3 O-O 6.O-O d6 7.d5 Na6 8.Nc3 Nc5
9.Be3 e5 10.dxe6 Bxe6 11.Rc1 c6 12.b3 Qe7 13.Bd4 Bf7 14.Ng5 Kh8 15.Qd2 Bg8
16.b4 Ncd7 17.b5 c5 18.Bxf6 Nxf6 19.Qd3 Nd7 20.f4 h6 21.Nf3  1/2-1/2

[Event "CCA ChessWise op"]
[Site "Stratton Mountain"]
[Date "1999.06.15"]
[Round "7"]
[White "Fedorowicz, John P"]
[Black "Ziatdinov, Raset"]
[Result "1-0"]
[WhiteElo "2574"]
[BlackElo "2511"]

1.d4 d5 2.c4 e6 3.Nf3 c5 4.cxd5 exd5 5.Bg5 Be7 6.Bxe7 Nxe7 7.dxc5 Nbc6 8.g3 O-O
9.Bg2 Qa5+ 10.Nbd2 Qxc5 11.O-O Bg4 12.Nb3 Qb6 13.Qd2 Bxf3 14.Bxf3 Rfd8 15.Rac1 Ne5
16.Bg2 Nc4 17.Qg5 f6 18.Qg4 Ne5 19.Qd4 Qxd4 20.Nxd4 Rac8 21.b3 N7c6 22.Bh3 Rb8
23.Rfd1 Kf7 24.f4 Nxd4 25.Rc7+ Kf8 26.fxe5 Nb5 27.Rc5 a6 28.a4 Na7 29.Rc7 Nc6
30.exf6 gxf6 31.Rxh7 Rd6 32.Bg2 Kg8 33.Rc7 d4 34.Rc1 Nd8 35.Be4 a5 36.Bd3 Kf8
37.Rh7 Rc6 38.Rf1 Rd6 39.Bc4 b6 40.Rf4 Rb7 41.Rh8+ Ke7 42.h4 Kd7 43.h5 Kc6
44.h6 Re7 45.h7 Rg7 46.Kf2  1-0

[Event "New York Open"]
[Site "New York USA"]
[Date "2000.05.06"]
[Round "3"]
[White "Khenkin,I"]
[Black "Fedorowicz,J"]
[Result "1-0"]
[WhiteElo "2622"]
[BlackElo "2540"]

1.d4 Nf6 2.c4 g6 3.Nc3 Bg7 4.e4 d6 5.f3 O-O 6.Nge2 c5 7.d5 e6 8.Ng3 exd5
9.cxd5 a6 10.a4 h5 11.Bg5 Qc7 12.Qd2 Nh7 13.Bh4 Re8 14.Bc4 Nd7 15.O-O Bf6
16.Bxf6 Ndxf6 17.Rfe1 h4 18.Nf1 Nh5 19.f4 Qd8 20.e5 dxe5 21.fxe5 Bf5 22.d6 h3
23.Ng3 Qh4 24.Nxf5 Qxc4 25.Ne7+ Kh8 26.Re4 Qe6 27.g4 Ng7 28.Ncd5 Rad8 29.Qh6 Rxe7
30.Nf6  1-0

[Event "New York Open"]
[Site "New York USA"]
[Date "2000.05.08"]
[Round "6"]
[White "Fedorowicz,J"]
[Black "Miton,K"]
[Result "1-0"]
[WhiteElo "2540"]
[BlackElo "2425"]

1.d4 Nf6 2.Nf3 c5 3.d5 b5 4.Bg5 Bb7 5.Bxf6 exf6 6.e4 a6 7.a4 bxa4 8.Nc3 d6
9.Nd2 Be7 10.Nc4 O-O 11.Be2 Nd7 12.Nxa4 Qc7 13.O-O Rfe8 14.Bg4 Rab8 15.Qd3 Bf8
16.f4 g6 17.Bxd7 Qxd7 18.f5 Qe7 19.Nc3 Bc8 20.b3 Bg7 21.Qg3 Rd8 22.Na5 Qc7
23.Nc6 Re8 24.Nxb8 Qxb8 25.Kh1 Re5 26.Qd3 Bh6 27.Na4 Qb4 28.Nb2 Qxe4 29.Qxe4 Rxe4
30.Nc4 Bf4 31.fxg6 hxg6 32.Rae1 Rxe1 33.Rxe1 Bf5 34.Re2 Kf8 35.g3 Be5 36.Kg2 Ke7
37.Kf3 Bc8 38.g4 Bd7 39.Nxe5 fxe5 40.g5 a5 41.Re4 Kf8 42.Ke3 f5 43.gxf6 g5
44.Kd2 Kf7 45.Re1 a4 46.bxa4 Bxa4 47.c4 Bd7 48.Rf1 Bc8 49.Rf2 Bd7 50.Kc3 Bc8
51.Kb3 Bd7 52.Ka3 g4 53.Kb3 Be8 54.Kc3 Bd7 55.Kd3 Bc8 56.Ke3 Ba6 57.Kd3 Bc8
58.Ke4 Bd7 59.Rf1 Bc8 60.Ke3 Bd7 61.Ra1 Kxf6 62.Ra6 Ke7 63.Ra7 Kd8 64.Kf2 Bf5
65.Rg7 Ke8 66.Rg5 Bd7 67.Rg6 Ke7 68.Rg7+ Kd8 69.Kg3 Bf5 70.Rg5 Bc8 71.Kh4 Kc7
72.Rg7+ Kb6 73.Rg5 Ka5 74.Rg6 Kb4 75.Rxd6 Kxc4 76.Rd8 Bb7 77.d6 Bc6 78.Kxg4 Kd5
79.h4 c4 80.Kf3 Kd4+ 81.Ke2 c3 82.Rc8 Bb5+ 83.Kd1 Kd5 84.h5 Bd7 85.h6  1-0

[Event "Jack Collins Int Final A"]
[Site "New York USA"]
[Date "2000.06.19"]
[Round "1"]
[White "Bonin,J"]
[Black "Fedorowicz,J"]
[Result "1/2-1/2"]
[WhiteElo "2419"]
[BlackElo "2540"]

1.d4 Nf6 2.c4 e6 3.Nf3 b6 4.g3 Ba6 5.Nbd2 Bb4 6.Qa4 Bxd2+ 7.Bxd2 Bb7 8.Bg2 O-O
9.O-O Bc6 10.Qc2 Be4 11.Qa4 d6 12.c5 dxc5 13.dxc5 Nbd7 14.Be3 Nxc5 15.Bxc5 bxc5
16.Rac1 Qb8  1/2-1/2

[Event "Koltanowski Mem"]
[Site "San Francisco USA"]
[Date "2000.12.14"]
[Round "1"]
[White "Vucic,M"]
[Black "Fedorowicz,J"]
[Result "1/2-1/2"]
[WhiteElo "2346"]
[BlackElo "2533"]

1.d4 Nf6 2.Nf3 e6 3.c4 b6 4.Nc3 Bb4 5.Bg5 Bb7 6.e3 h6 7.Bh4 Bxc3+ 8.bxc3 d6
9.Nd2 g5 10.Bg3 Nbd7 11.f3 Qe7 12.Be2 Rg8 13.O-O h5 14.Qa4 h4 15.Bf2 h3 16.g4 Kf8  1/2-1/2

[Event "Koltanowski Mem"]
[Site "San Francisco USA"]
[Date "2000.12.15"]
[Round "2"]
[White "Fedorowicz,J"]
[Black "Kraai,J"]
[Result "1/2-1/2"]
[WhiteElo "2533"]
[BlackElo "2430"]

1.e4 e6 2.d4 d5 3.Nc3 Nf6 4.e5 Nfd7 5.Nce2 c5 6.c3 Nc6 7.Nf3 cxd4 8.cxd4 f6
9.Nf4 Bb4+ 10.Bd2 Qe7 11.exf6 Nxf6 12.Bd3 Ne4 13.Bxe4 dxe4 14.Ne5 Nxe5 15.dxe5 O-O
16.O-O Bxd2 17.Qxd2 Qg5  1/2-1/2

[Event "Koltanowski Mem"]
[Site "San Francisco USA"]
[Date "2000.12.16"]
[Round "3"]
[White "Busquets,L"]
[Black "Fedorowicz,J"]
[Result "0-1"]
[WhiteElo "2252"]
[BlackElo "2533"]

1.e4 c5 2.Nf3 Nc6 3.d4 cxd4 4.Nxd4 Nf6 5.Nc3 d6 6.Bc4 Qb6 7.Nb3 e6 8.O-O Be7
9.Be3 Qc7 10.f4 a6 11.Bd3 b5 12.Qf3 Bb7 13.g4 h6 14.g5 hxg5 15.fxg5 Ne5 16.Qg2 Nfg4
17.Bf4 Qb6+ 18.Kh1 Ne3 19.Qg1 Rh3 20.Rae1 N3c4 21.Qxb6 Nxb6 22.Na5 Bc8 23.Re3 Rxe3
24.Bxe3 Nbd7 25.b4 Nxd3 26.cxd3 Bd8 27.Nb3 Ne5 28.a3 Bb7 29.Nc1 Rc8  0-1

[Event "US Open"]
[Site "Framingham USA"]
[Date "2001.08.09"]
[Round "6"]
[White "Rensch,D"]
[Black "Fedorowicz,J"]
[Result "1/2-1/2"]
[WhiteElo "2208"]
[BlackElo "2525"]

1.d4 Nf6 2.Nf3 e6 3.Bg5 c5 4.c3 Be7 5.e3 b6 6.Bd3 Bb7 7.O-O O-O 8.Nbd2 cxd4
9.exd4 d6 10.Qe2 Nbd7 11.Rfe1 a6 12.a4 Re8 13.Nf1 Qc7 14.Ng3 Bf8 15.Ne4 Nxe4
16.Bxe4 h6 17.Bh4 Bxe4 18.Qxe4 Rab8 19.Qd3 b5 20.axb5 axb5 21.Bg3 Nf6 22.h3 Qc6
23.Nd2 Ra8 24.b3 d5 25.c4 bxc4 26.bxc4 dxc4 27.Qxc4 Qxc4 28.Nxc4 Nd5 29.Rxa8 Rxa8
30.Ne3 Nb4 31.Rd1 Rd8 32.Kf1 Be7 33.Bc7 Rd7 34.Bb6 Bg5 35.Bc5 Bxe3 36.fxe3 Nd5
37.Kf2 f5 38.Rb1 Rd8 39.Kf3 Ra8 40.g4 Rd8  1/2-1/2

[Event "US Amateur Team East"]
[Site "Parsipanny USA"]
[Date "2002.02.18"]
[Round "6"]
[White "Gelman,C"]
[Black "Fedorowicz,J"]
[Result "1-0"]
[WhiteElo "2289"]
[BlackElo "2517"]

1.e4 c5 2.Nc3 Nc6 3.g3 g6 4.Bg2 Bg7 5.d3 d6 6.f4 e6 7.Nf3 Nge7 8.Be3 Nd4
9.O-O O-O 10.e5 Nef5 11.Bf2 Rb8 12.Ne4 Nxf3+ 13.Qxf3 b6 14.g4 Bb7 15.Qh3 Bxe4
16.dxe4 Nd4 17.Bh4 Qd7 18.exd6 Nxc2 19.Rad1 Nd4 20.e5 f6 21.Rfe1 fxe5 22.fxe5 Rf7
23.Be7 Rxe7 24.dxe7 Qxe7 25.Qd3 Rf8 26.Qe4 g5 27.Rf1 Rf4 28.Rxf4 gxf4 29.Re1 Qh4
30.Rf1 Qg5 31.Kh1 Bxe5 32.Qa8+ Kg7 33.Qxa7+ Kh6 34.Be4 Bg7 35.Qxb6 f3 36.Qc7 Qe3
37.Qxc5  1-0

[Event "US Masters"]
[Site "Chicago USA"]
[Date "2002.03.03"]
[Round "6"]
[White "Fedorowicz,J"]
[Black "Zlotnikov,M"]
[Result "1-0"]
[WhiteElo "2517"]
[BlackElo "2358"]

1.d4 g6 2.c4 Bg7 3.Nf3 Nf6 4.Nc3 O-O 5.e4 d6 6.Be2 c6 7.O-O Nbd7 8.Qc2 Qc7
9.Rd1 a5 10.h3 Re8 11.Be3 a4 12.Nd2 Qa5 13.Rac1 b6 14.Qb1 Rb8 15.b4 axb3
16.axb3 Qb4 17.Nf3 e5 18.d5 cxd5 19.cxd5 Nc5 20.Nd2 Ra8 21.Rc2 Nfxe4 22.Ndxe4 Nxe4
23.Nxe4 Qxe4 24.Rxc8  1-0

[Event "30th World Open"]
[Site "Philadelphia USA"]
[Date "2002.07.03"]
[Round "5"]
[White "Zaremba,An"]
[Black "Fedorowicz,J"]
[Result "1/2-1/2"]
[WhiteElo "2337"]
[BlackElo "2514"]

1.d4 Nf6 2.Nf3 e6 3.c4 b6 4.g3 Ba6 5.Nbd2 Bb4 6.Qa4 c5 7.a3 Bxd2+ 8.Bxd2 cxd4
9.Nxd4 Bb7 10.f3 O-O 11.Bg2 d6 12.e4 Nbd7 13.O-O a6 14.Qd1  1/2-1/2

[Event "Imre Konig Mem"]
[Site "San Francisco USA"]
[Date "2002.09.14"]
[Round "8"]
[White "Fedorowicz,J"]
[Black "Baburin,A"]
[Result "1/2-1/2"]
[WhiteElo "2509"]
[BlackElo "2580"]

1.e4 Nf6 2.e5 Nd5 3.d4 d6 4.Nf3 Bg4 5.Be2 e6 6.O-O Be7 7.c4 Nb6 8.Nc3 O-O
9.h3 Bh5 10.Be3 d5 11.c5 Bxf3 12.gxf3 Nc8 13.f4 Nc6 14.b4 Bh4 15.Rb1 N8e7
16.Bd3 g6 17.Kh2 Nf5 18.Bxf5 exf5 19.Rg1 Qd7 20.Qf3 Rfd8 21.Qh5 Be7 22.Qd1 a6
23.Ne2 Kh8 24.Qc2 Rg8 25.a3 Nd8 26.Rg3 Ne6 27.a4 c6 28.Rb3 Bf8 29.Qb1 Bh6
30.h4 Ng7 31.Rh3 Nh5 32.Qc1 Qe6  1/2-1/2

[Event "31st World Open"]
[Site "Philadelphia USA"]
[Date "2003.07.01"]
[Round "2"]
[White "Chiong,L"]
[Black "Fedorowicz,J"]
[Result "1/2-1/2"]
[WhiteElo "2373"]
[BlackElo "2516"]

1.d4 Nf6 2.c4 e6 3.Nc3 Bb4 4.e3 c5 5.Bd3 Nc6 6.Ne2 cxd4 7.exd4 d5 8.a3 Bxc3+
9.bxc3 dxc4 10.Bxc4 h6 11.O-O O-O 12.Ng3 b6 13.Re1 Bb7 14.Nh5 Rc8 15.Bd3 Na5
16.Re3 Nxh5 17.Qxh5 Qd5 18.Qh3 Rxc3 19.Bh7+ Kxh7 20.Rxc3 Qxd4 21.Qd3+ Qxd3  1/2-1/2

[Event "31st World Open"]
[Site "Philadelphia USA"]
[Date "2003.07.05"]
[Round "6"]
[White "Fedorowicz,J"]
[Black "Friedel,J"]
[Result "1/2-1/2"]
[WhiteElo "2516"]
[BlackElo "2293"]

1.d4 Nf6 2.Nf3 c5 3.d5 g6 4.Nc3 Bg7 5.e4 d6 6.Be2 O-O 7.O-O Na6 8.Bf4 Nc7
9.a4 Nh5 10.Bg5 h6 11.Be3 Nf6 12.Qd2 Kh7 13.h3 b6 14.Rfd1 a6 15.e5 Nfe8 16.Bf4 Bb7
17.Rab1 b5 18.axb5 axb5 19.Bxb5 Bxd5 20.Nxd5 Nxb5 21.Qe2 Nbc7 22.Nxc7 Qxc7
23.Rd2 Ra4 24.Bg3 f5 25.exd6 Nxd6 26.Bxd6 exd6 27.c4 Rb4 28.h4 Qf7 29.b3 Rfb8
30.Qd3 R8b6 31.Qc2 Kh8 32.Rd5 h5 33.Ng5 Qe7 34.g3 Bf6 35.Nf3 Qb7 36.Rd3 d5
37.Rxd5 Rxb3 38.Rxb3 Rxb3 39.Qe2 Qe7 40.Qxe7 Bxe7 41.Ne5 Rb6 42.Rd7 Bf8 43.Rc7 Re6
44.Nd7 Re7 45.Rc8 Rxd7 46.Rxf8+ Kg7 47.Rc8 f4 48.Kg2 fxg3 49.fxg3 Rd2+ 50.Kf3 Rd3+
51.Kf2 Rc3 52.Rxc5 Kf6 53.Kg2  1/2-1/2

[Event "Yanofsky Mem"]
[Site "Winnipeg CAN"]
[Date "2003.08.29"]
[Round "1"]
[White "Fedorowicz,J"]
[Black "Gustafson,D"]
[Result "1-0"]
[WhiteElo "2524"]
[BlackElo "2023"]

1.d4 Nf6 2.c4 c5 3.d5 b5 4.cxb5 a6 5.b6 Qxb6 6.Nc3 g6 7.e4 d6 8.Nf3 Bg7 9.Nd2 Nbd7
10.Be2 Rb8 11.O-O O-O 12.Kh1 Ne8 13.Nc4 Qc7 14.Qc2 Bb7 15.Bg5 Ne5 16.Ne3 h6
17.Bh4 g5 18.Bg3 Ng6 19.Nf5 Bc8 20.Rab1 e5 21.Nd1 Bd7 22.Nde3 Nf4 23.Bxa6 h5
24.f3 Bb5 25.Bxb5 Rxb5 26.b3 Nf6 27.h4 g4 28.fxg4 hxg4 29.Bxf4  1-0

[Event "Yanofsky Mem"]
[Site "Winnipeg CAN"]
[Date "2003.08.29"]
[Round "2"]
[White "Babb,J"]
[Black "Fedorowicz,J"]
[Result "0-1"]
[WhiteElo "2140"]
[BlackElo "2524"]

1.e4 c5 2.Nc3 Nc6 3.g3 g6 4.Bg2 Bg7 5.d3 d6 6.Be3 Rb8 7.Qd2 b5 8.Nge2 b4
9.Nd1 Nd4 10.O-O h5 11.c3 Nxe2+ 12.Qxe2 h4 13.f4 hxg3 14.hxg3 Nf6 15.cxb4 Rxb4
16.Bf3 Qd7 17.Qg2 Ng4 18.Bxg4 Qxg4 19.Re1 Qh5 20.Rb1 Bh3 21.Qh2 Qf3 22.Qf2 Bg4
23.Qxf3 Bxf3 24.Nf2 Kd7 25.b3 f5 26.Rbc1 a5 27.Bd2 Bd4 28.Be3 e5 29.Bxd4 exd4
30.e5 a4 31.exd6 Kxd6 32.Re5 Bd5 33.bxa4 Rxa4 34.g4 Rf8 35.gxf5 gxf5 36.Kf1 Rxa2
37.Ke1 Rg8 38.Nh3 Rg3 39.Ng5 Rg1+  0-1

[Event "87th Marshall CCC"]
[Site "New York USA"]
[Date "2003.12.08"]
[Round "2"]
[White "Fedorowicz,J"]
[Black "Thaler,Mi"]
[Result "1-0"]
[WhiteElo "2519"]
[BlackElo "2093"]

1.d4 Nf6 2.Nf3 g6 3.c4 Bg7 4.g3 O-O 5.Bg2 c6 6.O-O d5 7.cxd5 cxd5 8.Nc3 Nc6
9.Ne5 Nxe5 10.dxe5 Ng4 11.Nxd5 Nxe5 12.Bg5 Nc6 13.Rc1 Be6 14.e4 h6 15.Be3 Qd7
16.Qd2 Kh7 17.Rfd1 Rfd8 18.Qe2 Bxd5 19.exd5 Ne5 20.Bf4 Qg4 21.Qxg4 Nxg4 22.Rc7 g5
23.Bc1 Bf6 24.Rxb7 Rdb8 25.d6 Rxb7 26.Bxb7 Rd8 27.d7 Ne5 28.Bc8 Nc4 29.b3 Nb6
30.Be3 Be5 31.Bxb6 axb6 32.Rd5 Bd6 33.Rb5 Bc7 34.a4 Rg8 35.b4 Rg6 36.d8=Q Bxd8
37.Bf5 e6 38.Bxg6+  1-0

[Event "V Millennium Festival"]
[Site "Virginia Beach USA"]
[Date "2004.04.03"]
[Round "2"]
[White "Fedorowicz,J"]
[Black "Potter,JR"]
[Result "1-0"]
[WhiteElo "2515"]
[BlackElo "2276"]

1.d4 Nf6 2.c4 c5 3.d5 g6 4.Nc3 Bg7 5.e4 d6 6.Bd3 O-O 7.h3 e6 8.Nf3 exd5 9.cxd5 Re8
10.O-O c4 11.Bxc4 Nxe4 12.Nxe4 Rxe4 13.Bg5 Qa5 14.Nd2 Re8 15.Re1 Bd7 16.Ne4 Na6
17.Nxd6 Rxe1+ 18.Qxe1 Qxe1+ 19.Rxe1 Nc5 20.b4 Bc3 21.bxc5 Bxe1 22.Nxb7 Rc8
23.c6 Bxc6 24.dxc6 Rxc6 25.Bxf7+ Kg7 26.Bb3 Bc3 27.Nd8 Rc8 28.Ne6+ Kf7 29.Be3 a5
30.Ng5+ Kg7 31.Ne4 Be5 32.f3 h5 33.Kf1 Ra8 34.Nc5 Bg3 35.Ke2 Re8 36.Kd3 Bh2
37.Ne4 Rc8 38.Bd4+ Kf8 39.Bc5+ Ke8 40.Nf6+ Kd8 41.Bb6+ Bc7 42.Bd4 Bd6 43.Ne4 Rc1
44.h4 Bc5 45.Bf6+ Kd7 46.Ng5 Rg1 47.Be6+ Kd6 48.Bf7 Rd1+ 49.Ke2 Rc1 50.Bxg6 Bb4
51.g4 Re1+ 52.Kf2 Rd1 53.Bf7 Rd2+ 54.Ke3 hxg4 55.fxg4 Rh2 56.Ke4  1-0

[Event "V Millennium Festival"]
[Site "Virginia Beach USA"]
[Date "2004.04.03"]
[Round "3"]
[White "Fierro Baquero,M"]
[Black "Fedorowicz,J"]
[Result "1/2-1/2"]
[WhiteElo "2310"]
[BlackElo "2515"]

1.d4 Nf6 2.Nf3 e6 3.Bf4 b6 4.e3 Bb7 5.Bd3 Be7 6.h3 O-O 7.O-O c5 8.c3 d6 9.Re1 Ba6
10.Bc2 Nc6 11.e4 cxd4 12.Nxd4 Ne5 13.Bxe5 dxe5 14.Nc6 Qc7 15.Nxe7+ Qxe7 16.Qf3 Rfd8
17.Na3 b5 18.Bd3 b4 19.Bxa6 bxa3 20.b4 Rd6 21.Bf1 Rc8 22.c4 Rd4 23.Qxa3 Nxe4
24.c5 Rb8 25.Rab1 Nd2  1/2-1/2

[Event "St John Uni"]
[Site "New York USA"]
[Date "2004.06.17"]
[Round "1"]
[White "Fedorowicz,J"]
[Black "Vovsha,E"]
[Result "1/2-1/2"]
[WhiteElo "2517"]
[BlackElo "2441"]

1.d4 d6 2.e4 g6 3.Nc3 c6 4.Nf3 Nf6 5.Be2 Bg7 6.O-O O-O 7.a4 Nbd7 8.a5 Qc7
9.Be3 e5 10.dxe5 dxe5 11.Nd2 Rd8 12.Qc1 Nf8 13.Nb3 Be6 14.Nc5 b6 15.Nd3 N6d7
16.Kh1 Bc4 17.axb6 axb6 18.Rxa8 Rxa8 19.Rd1 Bxd3 20.Bxd3 b5 21.Bf1 Ne6 22.Ne2 Ndc5
23.f3 Rd8  1/2-1/2

[Event "St John Uni"]
[Site "New York USA"]
[Date "2004.06.19"]
[Round "3"]
[White "Cela,A"]
[Black "Fedorowicz,J"]
[Result "1/2-1/2"]
[WhiteElo "2482"]
[BlackElo "2517"]

1.e4 c5 2.Nf3 Nc6 3.d4 cxd4 4.Nxd4 Nf6 5.Nc3 d6 6.Bc4 Qb6 7.Be3 Qxb2 8.Ndb5 Qb4
9.Qe2 Qa5 10.Bd2 Qd8 11.Nd5 Nxd5 12.exd5 Ne5 13.Bb3 a6 14.f4 Ng4 15.Na3 f5
16.Nc4 b6 17.Bc3 Kf7 18.O-O Nf6 19.Ne5+ dxe5 20.fxe5 Nxd5 21.e6+ Kg8 22.Rxf5 Nxc3
23.Qf3 h6 24.Rf1 Bb7 25.Qxb7 Kh7  1/2-1/2

[Event "St John Uni"]
[Site "New York USA"]
[Date "2004.06.23"]
[Round "6"]
[White "Fedorowicz,J"]
[Black "Ivkov,B"]
[Result "1/2-1/2"]
[WhiteElo "2517"]
[BlackElo "2433"]

1.d4 e6 2.c4 Bb4+ 3.Bd2 Qe7 4.e4 Nf6 5.Bd3 Bxd2+ 6.Nxd2 d6 7.Ne2 e5 8.d5 a5
9.a3 O-O 10.O-O Na6 11.Bc2 Bg4  1/2-1/2

[Event "ch-Marshall CC"]
[Site "New York USA"]
[Date "2004.12.13"]
[Round "3"]
[White "Treger,E"]
[Black "Fedorowicz,J"]
[Result "1/2-1/2"]
[WhiteElo "2233"]
[BlackElo "2511"]

1.e4 c5 2.Nf3 d6 3.Nc3 Nc6 4.Bb5 Bd7 5.O-O Nf6 6.Bxc6 Bxc6 7.e5 dxe5 8.Nxe5 Rc8
9.d3 e6 10.Re1 Be7 11.Nxc6 Rxc6 12.Qf3 O-O 13.Bg5 Nd5 14.Nxd5 Bxg5 15.Ne3 Bf6
16.Nc4 Qd5 17.Qxd5 exd5 18.Ne5 Rc7 19.c3 h5 20.Nf3 b5 21.Rac1 a5 22.Re2 b4
23.c4 Rd8 24.h4 dxc4 25.dxc4 Kh7 26.g3 a4 27.Kg2 Rcd7 28.Rcc2 Rd1 29.Ng5+ Kg6
30.Ne4 Be7 31.Nd2 Rd7 32.b3 axb3 33.Nxb3 Kf5 34.Re3 R1d3 35.Rce2 Rxe3 36.Rxe3 f6
37.Rf3+ Ke6 38.Re3+ Kf7 39.f4 Kg6 40.Kf3 Kf5 41.Na5 Bd8 42.Nb3 Be7 43.Na5  1/2-1/2

[Event "ch-Marshall CC"]
[Site "New York USA"]
[Date "2004.12.14"]
[Round "4"]
[White "Fedorowicz,J"]
[Black "Privman,B"]
[Result "1-0"]
[WhiteElo "2511"]
[BlackElo "2302"]

1.d4 e6 2.c4 d5 3.Nc3 f5 4.cxd5 exd5 5.Bf4 Nf6 6.e3 Be7 7.Bd3 c6 8.Qc2 Ne4
9.f3 Nxc3 10.bxc3 O-O 11.Ne2 Bg5 12.O-O Be6 13.e4 g6 14.Qd2 h6 15.h4 dxe4
16.fxe4 fxe4 17.Bxg5 Rxf1+ 18.Rxf1 hxg5 19.Bxe4 Bf7 20.h5 Nd7 21.Bxg6 Bxg6
22.hxg6 Kg7 23.Ng3 Kxg6 24.Qd3+ Kg7 25.Nf5+ Kh8 26.Qh3+ Kg8 27.Nh6+  1-0

[Event "ch-Marshall CC"]
[Site "New York USA"]
[Date "2004.12.19"]
[Round "9"]
[White "Fedorowicz,J"]
[Black "Sarkar,J"]
[Result "1-0"]
[WhiteElo "2511"]
[BlackElo "2386"]

1.d4 e6 2.c4 c5 3.d5 exd5 4.cxd5 d6 5.Nc3 g6 6.Nf3 Bg7 7.e4 Ne7 8.Bf4 a6
9.a4 O-O 10.Be2 h6 11.h4 Bg4 12.Qd2 Bxf3 13.Bxf3 Kh7 14.O-O Ng8 15.Rfe1 Be5
16.Bxe5 dxe5 17.g3 a5 18.Rad1 Nf6 19.Kg2 Ne8 20.Bg4 Nd6 21.f4 f6 22.h5 g5
23.fxe5 fxe5 24.Rf1 Na6 25.Rxf8 Qxf8 26.Nb5 Qe7 27.Nxd6 Qxd6 28.Rf1 Kg7 29.Be6 Rf8
30.Rxf8 Qxf8 31.Qxa5 g4 32.Bxg4 Qf6 33.Qb5 Qg5 34.Qxb7+ Kf8 35.Qxa6 Qxg4
36.Qxh6+  1-0

[Event "National Chess Congress"]
[Site "Philadelphia USA"]
[Date "2005.11.25"]
[Round "2"]
[White "Fedorowicz,J"]
[Black "Shapiro,D"]
[Result "1/2-1/2"]
[WhiteElo "2502"]
[BlackElo "2251"]

1.d4 Nf6 2.c4 e6 3.Nc3 Bb4 4.e3 c5 5.Bd3 O-O 6.Ne2 d5 7.cxd5 exd5 8.a3 cxd4
9.axb4 dxc3 10.O-O Nc6 11.b5 Ne5 12.Nxc3 Nxd3 13.Qxd3 Be6 14.b3 Qd7 15.f3 d4
16.exd4 Bxb3 17.Bg5 Rfd8 18.Bxf6 gxf6 19.Rfb1 Be6 20.Rd1 Bd5 21.Qe3 Re8 22.Qf4 Kg7
23.h3 a6 24.Ra5 Rac8 25.Qd2 axb5 26.Rxb5  1/2-1/2

[Event "Masters"]
[Site "Berkeley USA"]
[Date "2005.12.17"]
[Round "1"]
[White "Fedorowicz,J"]
[Black "Pruess,D"]
[Result "1/2-1/2"]
[WhiteElo "2502"]
[BlackElo "2400"]

1.d4 d5 2.c4 e6 3.Nc3 c6 4.Nf3 Nf6 5.Bg5 dxc4 6.a4 Bb4 7.e3 b5 8.Nd2 h6 9.Bh4 Bb7
10.axb5 Bxc3 11.bxc3 cxb5 12.Qb1 Qb6 13.e4 Nbd7 14.Be2 O-O 15.O-O Rfc8 16.f3 a5
17.Bf2 Qc6 18.Rc1  1/2-1/2

[Event "Masters"]
[Site "Berkeley USA"]
[Date "2005.12.17"]
[Round "2"]
[White "Shivaji,S1"]
[Black "Fedorowicz,J"]
[Result "1/2-1/2"]
[WhiteElo "2299"]
[BlackElo "2502"]

1.e4 c5 2.Nc3 Nc6 3.f4 e6 4.Nf3 a6 5.d4 cxd4 6.Nxd4 Qc7 7.Be3 b5 8.a3 Bb7
9.Be2 Na5 10.O-O Nc4 11.Bxc4 Qxc4 12.f5 Nf6  1/2-1/2

[Event "Masters"]
[Site "Berkeley USA"]
[Date "2005.12.18"]
[Round "3"]
[White "Fedorowicz,J"]
[Black "Zavadsky,P"]
[Result "1-0"]
[WhiteElo "2502"]
[BlackElo "2268"]

1.d4 Nf6 2.c4 g6 3.Nf3 Bg7 4.g3 O-O 5.Bg2 c6 6.O-O d5 7.Qb3 Qb6 8.Nc3 Rd8
9.Qa3 Re8 10.Qa4 dxc4 11.Qxc4 Be6 12.Qa4 Qa6 13.Qc2 Nd5 14.Bd2 Nd7 15.Ng5 Nxc3
16.Bxc3 Bd5 17.e4 Bc4 18.Rfd1 e5 19.b3 Be2 20.Rd2 exd4 21.Bxd4 Bxd4 22.Rxd4 Ne5
23.Re1 Bd3 24.Qc3 c5 25.Rd5 Qf6 26.Rxd3  1-0

[Event "Masters"]
[Site "Berkeley USA"]
[Date "2005.12.18"]
[Round "4"]
[White "Kraai,J"]
[Black "Fedorowicz,J"]
[Result "1/2-1/2"]
[WhiteElo "2428"]
[BlackElo "2502"]

1.Nf3 Nf6 2.c4 g6 3.Nc3 d5 4.cxd5 Nxd5 5.Qa4+ Bd7 6.Qc2 Nb4 7.Qb3 c5 8.Ne4 Bf5
9.d3 Bxe4 10.dxe4 Qb6 11.Qc3 f6 12.e3 N4c6 13.Bc4 Qb4 14.Bd2 Qxc3 15.Bxc3 Nd7
16.O-O-O Nb6 17.Be6 Nd8 18.Bh3 Bg7 19.Ng5 e5 20.Ne6 Nxe6 21.Bxe6 Ke7  1/2-1/2

[Event "Masters"]
[Site "Berkeley USA"]
[Date "2005.12.19"]
[Round "5"]
[White "Fedorowicz,J"]
[Black "Friedel,J"]
[Result "1/2-1/2"]
[WhiteElo "2502"]
[BlackElo "2453"]

1.d4 d5 2.c4 c6 3.Nf3 e6 4.Qc2 dxc4 5.Qxc4 Nf6 6.g3 b5 7.Qb3 Bb7 8.Bg2 a6
9.a4 c5 10.O-O Nbd7 11.axb5  1/2-1/2

[Event "Masters"]
[Site "Berkeley USA"]
[Date "2005.12.20"]
[Round "6"]
[White "Sarkar,J"]
[Black "Fedorowicz,J"]
[Result "0-1"]
[WhiteElo "2315"]
[BlackElo "2502"]

1.d4 Nf6 2.c4 a6 3.Nc3 c5 4.d5 b5 5.cxb5 axb5 6.Nxb5 Ba6 7.Nc3 d6 8.Nf3 g6
9.e4 Bxf1 10.Kxf1 Bg7 11.h3 O-O 12.Kg1 Na6 13.Kh2 Nb4 14.Re1 Qa5 15.Bg5 Qa6
16.Qd2 Nd3 17.Re3 c4 18.Ne1 Nc5 19.f4 h6 20.Bh4 Nh5 21.g3 Rfb8 22.Rc1 Bxc3
23.Rcxc3 Qxa2 24.Bxe7 Re8 25.Bxd6 Nxe4 26.Rxe4 Rxe4 27.Be5 Rxe1  0-1

[Event "US Amateur Team East"]
[Site "Parsippany USA"]
[Date "2006.02.20"]
[Round "6"]
[White "Fedorowicz,J"]
[Black "Riordan,C"]
[Result "1/2-1/2"]
[WhiteElo "2493"]
[BlackElo "2252"]

1.d4 Nf6 2.c4 e6 3.Nc3 Bb4 4.e3 b6 5.Bd3 Bb7 6.Nf3 c5 7.O-O O-O 8.Na4 cxd4
9.a3 Be7 10.exd4 d6 11.b4 Nbd7 12.Re1 Re8 13.Nc3 Rc8 14.Bb2 Qc7 15.Rc1 Bf8
16.d5 e5 17.Nd2 g6 18.Nb3 Qd8 19.a4 a5 20.bxa5 bxa5 21.Ba3 Ba6 22.Nb5 e4
23.Bf1 Ne5 24.c5 dxc5 25.Nxc5 Bxc5 26.Bxc5 Bxb5 27.Bxb5 Nd3  1/2-1/2